| 000 | 00809nam a22002177a 4500 | ||
|---|---|---|---|
| 999 |
_c2238 _d2238 |
||
| 003 | AR-CdUCM | ||
| 008 | 190304b ||||| |||| 00| 0 eng d | ||
| 040 |
_aMUNICIPALIDAD PROVINCIAL DEL CUSCO _cBIBLIOTECA MUNICIPAL DEL CUSCO |
||
| 082 |
_a909.82 / _bSE45 |
||
| 100 |
_aSeverns, Karen _98059 |
||
| 245 | _aHirohito / | ||
| 260 |
_aArgentina : _bHyspanoamérica , _c1991. |
||
| 300 |
_a102 páginas; _c24 cm. |
||
| 440 |
_aLos Grandes Lideres del Siglo XX _97704 |
||
| 505 | _aContenido : La voz de la grulla -- El descendiente de los dioses -- El Principe Europeo -- El ascenso de los militaristas -- Rebelion interior y guerra externa -- Reforma y Renacimiento... | ||
| 650 |
_aMilitarismo _95662 |
||
| 650 |
_aHirohito _98060 |
||
| 650 |
_aGobierno Japones _98061 |
||
| 942 |
_2ddc _cLIBROS |
||
| 945 | _artm | ||